Normal view
MARC view
- ARMOURED ENGINEERS VEHICLES RECOVERY VEHICLES AND EQUIPMENT BRIDGING SYSTEM MINE WARFARE EQUIPMENT TRANSPORT EQUIPMENT MISCELLANEOUS EQUIPMENT
Entry Topical Term
001 - CONTROL NUMBER
- control field: 66345
003 - CONTROL NUMBER IDENTIFIER
- control field: NUST
005 - DATE AND TIME OF LATEST TRANSACTION
- control field: 20210628203556.0
008 - FIXED-LENGTH DATA ELEMENTS
- fixed length control field: 210628|| aca||aabn | a|a d
040 ## - CATALOGING SOURCE
- Original cataloging agency: NUST
- Transcribing agency: NUST
150 ## - HEADING--TOPICAL TERM
- Topical term or geographic name entry element: ARMOURED ENGINEERS VEHICLES RECOVERY VEHICLES AND EQUIPMENT BRIDGING SYSTEM MINE WARFARE EQUIPMENT TRANSPORT EQUIPMENT MISCELLANEOUS EQUIPMENT
670 ## - SOURCE DATA FOUND
- Source citation: Work cat.: (NUST): Gander, Terry J , Foss, Christopher F 66344, Janes military vehicles and logistics , 1992-93 1995-96, 1992
